000 00466nam a2200121Ia 4500
008 160712s9999 xx 000 0 und d
100 _aAncheta, Maria Rhodora G.
245 _cMaria Rhodora G. Ancheta
_aAmerican Standup Comedy by Women and the Discourse of Cultural Negotiation in American Life
260 _c2011
_bReview of Women's Studies
300 _avol. 21 no. 1
650 _xWOMEN
856 _uhttp://journals.upd.edu.ph/index.php/rws/issue/view/441/showToc
999 _c297702
_d297702